[Event "COL-ch sf (Women)"]
[Site "Pereira"]
[Date "2024.03.31"]
[Round "9"]
[White "Montilla Reyes, Jorcerys"]
[Black "Chirivi Castiblanco, Jenny Astrid"]
[Result "0-1"]
[WhiteElo "2189"]
[BlackElo "2113"]
[PlyCount "166"]
[EventDate "2024.03.27"]
[EventType "swiss"]
[EventRounds "9"]
[EventCountry "COL"]
[SourceTitle "CB14_2024"]
[SourceDate "2024.04.01"]
[SourceVersion "1"]
[SourceVersionDate "2024.04.01"]
[SourceQuality "1"]

1. d4 Nf6 2. c4 e6 3. Nc3 Bb4 4. e3 0-0 5. Nge2 c6 6. a3 Ba5 7. Qc2 d5 8. Ng3 Nbd7 9. cxd5 cxd5 10. Be2 Re8 11. 0-0 Nf8 12. b4 Bc7 13. Nb5 Bb8 14. Bb2 Bd7 15. Rac1 Bc6 16. f4 Qe7 17. Nc3 Bd6 18. Qb3 Rec8 19. b5 Be8 20. a4 a5 21. e4 dxe4 22. Ngxe4 Nxe4 23. Nxe4 Rxc1 24. Bxc1 Rc8 25. Bf3 Bb4 26. d5 exd5 27. Qxd5 Rd8 28. Qe5 Ne6 29. Ng3 Nd4 30. Be4 b6 31. Qxe7 Bxe7 32. Bb2 Nb3 33. Nf5 Bc5+ 34. Kh1 f6 35. Bc3 Bf7 36. h4 Kf8 37. Bc2 g6 38. Ng3 f5 39. Rb1 Nd4 40. Rd1 Ke7 41. Bxd4 Rxd4 42. Rxd4 Bxd4 43. Ne2 Bf6 44. h5 Kd6 45. hxg6 hxg6 46. Kg1 Kc5 47. Kf2 Kc4 48. Ke3 Be7 49. Kd2 Bb4+ 50. Kc1 Bd5 51. Kb2 Bxg2 52. Nc1 Kd4 53. Bb3 Bc3+ 54. Kc2 Be4+ 55. Kd1 Ke3 56. Bf7 Bf6 57. Bxg6 Kxf4 58. Ke2 Bc2 59. Nd3+ Kg5 60. Bf7 Bxa4 61. Bc4 Kg4 62. Nf2+ Kf4 63. Nh3+ Ke5 64. Kd3 Bd1 65. Nf2 Bh5 66. Nh3 f4 67. Kd2 Kd4 68. Bf1 f3 69. Nf2 Bg5+ 70. Kc2 Bf7 71. Bd3 Bh4 72. Ng4 Bh5 73. Nh2 f2 74. Nf1 Be8 75. Nd2 Be7 76. Nb3+ Kd5 77. Nd2 a4 78. Ne4 Bh4 79. Nc3+ Kd4 80. Bf1 Bg6+ 81. Kb2 Bd3 82. Bh3 a3+ 83. Kb3 Bc4+ 0-1

[Event "COL-ch sf (Women)"]
[Site "Pereira"]
[Date "2024.03.27"]
[Round "1"]
[White "Agudelo Zapata, Yarli Alejandra"]
[Black "Chirivi Castiblanco, Jenny Astrid"]
[Result "0-1"]
[WhiteElo "1773"]
[BlackElo "2113"]
[PlyCount "150"]
[EventDate "2024.03.27"]
[EventType "swiss"]
[EventRounds "9"]
[EventCountry "COL"]
[SourceTitle "CB14_2024"]
[SourceDate "2024.04.01"]
[SourceVersion "1"]
[SourceVersionDate "2024.04.01"]
[SourceQuality "1"]

1. e4 e5 2. Nf3 Nc6 3. Bb5 a6 4. Ba4 Nf6 5. Qe2 b5 6. Bb3 Be7 7. c3 d6 8. d3 0-0 9. Nbd2 Bb7 10. 0-0 Qd7 11. Rd1 Rfe8 12. Nf1 Nd8 13. Ng3 g6 14. h3 Bf8 15. Be3 Bg7 16. Qc2 c5 17. a4 Ne6 18. Ng5 Nxg5 19. Bxg5 Qc7 20. Bxf6 Bxf6 21. Qe2 Rac8 22. Nf1 c4 23. dxc4 bxc4 24. Ba2 Be7 25. Ne3 Bxe4 26. Bxc4 a5 27. Bb5 Rf8 28. Nd5 Bxd5 29. Rxd5 f5 30. Ba6 Rb8 31. Qc4 Qxc4 32. Bxc4 Kg7 33. Rb5 Kf6 34. b3 Rxb5 35. axb5 Bd8 36. Bd5 Bb6 37. Bc6 Rc8 38. Rd1 Ke6 39. Kf1 Rc7 40. Bd5+ Ke7 41. Bc6 Ra7 42. Ra1 Ke6 43. c4 e4 44. f4 exf3 45. Bxf3 Ke5 46. Re1+ Kf4 47. Bd1 Be3 48. g3+ Ke4 49. Be2 a4 50. bxa4 Rxa4 51. Rd1 Bc5 52. Rb1 Bb6 53. Rd1 Ke5 54. Rd5+ Ke6 55. Rd1 Rb4 56. Bf3 Bc5 57. Bd5+ Kf6 58. Rd3 Rb2 59. Rf3 Ke5 60. Bg8 h6 61. Bh7 Rb1+ 62. Ke2 Rb2+ 63. Kf1 Kf6 64. Bg8 h5 65. Bd5 Ke5 66. Bf7 g5 67. Bxh5 Ke4 68. Rc3 Be3 69. Be2 f4 70. gxf4 gxf4 71. Bd3+ Kd4 72. Rc2 Rb1+ 73. Ke2 f3+ 74. Kxf3 Kxd3 75. Ra2 Bc5 0-1

[Event "Titled Tuesday intern op 13th Feb Early"]
[Site "Chess.com INT"]
[Date "2024.02.13"]
[Round "9"]
[White "Slovineanu, Viacheslav"]
[Black "Chirivi Castiblanco, Jenny Astrid"]
[Result "1-0"]
[WhiteElo "2412"]
[BlackElo "2113"]
[PlyCount "73"]
[EventDate "2024.02.13"]
[EventType "swiss (blitz)"]
[EventRounds "11"]
[EventCountry "USA"]
[SourceTitle "CB08_2024"]
[SourceDate "2024.02.21"]
[SourceVersion "1"]
[SourceVersionDate "2024.02.21"]
[SourceQuality "1"]

1. d4 Nf6 2. Nf3 e6 3. c4 Bb4+ 4. Nbd2 0-0 5. a3 Be7 6. e3 d6 7. Bd3 Nbd7 8. 0-0 e5 9. b3 Re8 10. Bb2 Bf8 11. dxe5 dxe5 12. Ne4 c6 13. Qc2 h6 14. Rfd1 Nxe4 15. Bxe4 Qf6 16. b4 g6 17. c5 Bg7 18. Rd2 Qe7 19. Rad1 Nf8 20. Rd6 Bg4 21. h3 Bxf3 22. Bxf3 Rad8 23. Be2 Rxd6 24. Rxd6 Rd8 25. Rxd8 Qxd8 26. Bc4 Ne6 27. Bxe6 fxe6 28. Qxg6 Qd5 29. e4 Qd1+ 30. Kh2 Kf8 31. Qxe6 Qe2 32. Bxe5 Bxe5+ 33. Qxe5 Qxf2 34. Qf5+ Qxf5 35. exf5 Kf7 36. g4 Kf6 37. Kg3 1-0

[Event "Titled Tuesday intern op 26th Sep Early"]
[Site "Chess.com INT"]
[Date "2023.09.26"]
[Round "4"]
[White "Chirivi Castiblanco, Jenny Astrid"]
[Black "Vargas, Mauricio"]
[Result "1-0"]
[WhiteElo "2173"]
[BlackElo "1961"]
[PlyCount "69"]
[EventDate "2023.09.26"]
[EventType "swiss (blitz)"]
[EventRounds "11"]
[EventCountry "USA"]
[SourceTitle "EXT 2024"]
[Source "ChessBase"]
[SourceDate "2023.10.10"]
[SourceVersion "1"]
[SourceVersionDate "2023.10.10"]
[SourceQuality "1"]

1. d4 d5 2. c4 c6 3. Nf3 e6 4. Qc2 Nf6 5. g3 Nbd7 6. Nbd2 Bd6 7. Bg2 0-0 8. 0-0 Qe8 9. e4 dxe4 10. Nxe4 Nxe4 11. Qxe4 Nf6 12. Qe2 Bd7 13. c5 Be7 14. Ne5 Qc8 15. Bd2 Nd5 16. b4 f6 17. Nc4 Re8 18. f4 Bf8 19. Be4 b6 20. a3 b5 21. Na5 f5 22. Bg2 Qd8 23. Rae1 Qf6 24. Qd3 Qh6 25. Re5 Nf6 26. Nxc6 Ng4 27. h3 Nxe5 28. Nxe5 Rad8 29. c6 Bc8 30. Be3 Rd6 31. Qxb5 Red8 32. c7 R8d7 33. Nxd7 Rxd7 34. Rc1 Bd6 35. Qb8 1-0

[Event "Titled Tuesday intern op 26th Sep Early"]
[Site "Chess.com INT"]
[Date "2023.09.26"]
[Round "8"]
[White "Johnson, Ben"]
[Black "Chirivi Castiblanco, Jenny Astrid"]
[Result "0-1"]
[WhiteElo "1967"]
[BlackElo "2173"]
[PlyCount "74"]
[EventDate "2023.09.26"]
[EventType "swiss (blitz)"]
[EventRounds "11"]
[EventCountry "USA"]
[SourceTitle "EXT 2024"]
[Source "ChessBase"]
[SourceDate "2023.10.10"]
[SourceVersion "1"]
[SourceVersionDate "2023.10.10"]
[SourceQuality "1"]

1. Nf3 Nf6 2. c4 c5 3. g3 b6 4. Bg2 Bb7 5. 0-0 e6 6. Nc3 Be7 7. b3 0-0 8. Bb2 a6 9. d4 cxd4 10. Qxd4 Qc7 11. Rad1 d6 12. Nh4 Bxg2 13. Nxg2 Nbd7 14. Ne4 Ne8 15. Ne3 Nc5 16. Nxc5 dxc5 17. Qf4 Qxf4 18. gxf4 Nf6 19. f5 Rfd8 20. Be5 Ne4 21. Bc7 Rxd1 22. Rxd1 Nc3 23. Rd7 Bf6 24. Bxb6 Rc8 25. fxe6 fxe6 26. Ng4 Nxe2+ 27. Kf1 Nc3 28. Nxf6+ gxf6 29. Ra7 Nxa2 30. Rxa6 Nc1 31. Ra7 Nxb3 32. Re7 e5 33. Kg2 Nd2 34. Re6 Kf7 35. Rd6 Nxc4 36. Rd7+ Kg6 37. Rc7 Nxb6 0-1

[Event "Medellin Flores op 30th"]
[Site "Medellin"]
[Date "2023.08.04"]
[Round "3"]
[White "Toro Castaneda, Miguel Angel"]
[Black "Chirivi Castiblanco, Jenny Astrid"]
[Result "1/2-1/2"]
[WhiteElo "1949"]
[BlackElo "2198"]
[PlyCount "51"]
[EventDate "2023.08.03"]
[EventType "swiss"]
[EventRounds "9"]
[EventCountry "COL"]
[SourceTitle "CBM 215 Extra"]
[Source "ChessBase"]
[SourceDate "2023.09.30"]
[SourceVersion "1"]
[SourceVersionDate "2023.09.30"]
[SourceQuality "1"]

1. e4 c5 2. Nf3 e6 3. d4 cxd4 4. Nxd4 a6 5. Bd3 Qc7 6. 0-0 Nf6 7. Qe2 d6 8. c4 g6 9. Nc3 Bg7 10. Be3 0-0 11. Rac1 Nbd7 12. b3 b6 13. Rfd1 Bb7 14. f3 Rac8 15. Qf2 Nh5 16. Bf1 Nc5 17. b4 Nd7 18. Na4 Rb8 19. Nb3 Bc6 20. Nc3 Ba8 21. Ne2 Rfd8 22. Ned4 Ne5 23. a4 Qe7 24. Nc2 Qc7 25. Na3 Qb7 26. Rb1 1/2-1/2

[Event "Sitges op 47th"]
[Site "Sitges"]
[Date "2023.07.25"]
[Round "4"]
[White "Cruz, Jonathan"]
[Black "Chirivi Castiblanco, Jenny Astrid"]
[Result "1-0"]
[WhiteElo "2328"]
[BlackElo "2166"]
[PlyCount "119"]
[EventDate "2023.07.22"]
[EventType "swiss"]
[EventRounds "9"]
[EventCountry "ESP"]
[SourceTitle "CBM 215 Extra"]
[Source "ChessBase"]
[SourceDate "2023.09.30"]
[SourceVersion "1"]
[SourceVersionDate "2023.09.30"]
[SourceQuality "1"]

1. Nf3 Nf6 2. g3 b5 3. Bg2 Bb7 4. 0-0 e6 5. d3 c5 6. e4 d6 7. Ng5 Qc7 8. f4 h6 9. Nh3 Nbd7 10. Qe2 Be7 11. c4 b4 12. a3 a5 13. Be3 e5 14. Nd2 Nb8 15. g4 Bc8 16. Nf2 Ra6 17. h3 Nc6 18. Nf3 Nd7 19. Nh1 Nf8 20. Ng3 Ne6 21. f5 Ned4 22. Nxd4 exd4 23. Bd2 Bf6 24. axb4 axb4 25. Rxa6 Bxa6 26. e5 Bxe5 27. Nh5 Kd8 28. f6 g6 29. Nf4 Bxf4 30. Bxf4 Ne5 31. Ra1 Bc8 32. Bxe5 Re8 33. Qd2 Rxe5 34. Qxh6 Qd7 35. Qf4 g5 36. Qf3 Qe6 37. Ra8 Re1+ 38. Kh2 Re2 39. Qd5 Rxg2+ 40. Qxg2 Qe5+ 41. Kh1 Qe1+ 42. Kh2 Qe5+ 43. Kg1 Qe1+ 44. Qf1 Qg3+ 45. Qg2 Qe3+ 46. Qf2 Qxd3 47. Qe1 Qe3+ 48. Qxe3 dxe3 49. Kf1 Kc7 50. Ra7+ Bb7 51. Ke2 Kb6 52. Ra1 d5 53. cxd5 Bxd5 54. Kxe3 Kb5 55. Kd3 Bg2 56. Ra7 c4+ 57. Kd4 Kb6 58. Rxf7 c3 59. bxc3 b3 60. Re7 1-0

[Event "Sitges op 47th"]
[Site "Sitges"]
[Date "2023.07.23"]
[Round "2"]
[White "Klabis, Rokas"]
[Black "Chirivi Castiblanco, Jenny Astrid"]
[Result "1-0"]
[WhiteElo "2420"]
[BlackElo "2166"]
[PlyCount "73"]
[EventDate "2023.07.22"]
[EventType "swiss"]
[EventRounds "9"]
[EventCountry "ESP"]
[SourceTitle "CBM 215 Extra"]
[Source "ChessBase"]
[SourceDate "2023.09.30"]
[SourceVersion "1"]
[SourceVersionDate "2023.09.30"]
[SourceQuality "1"]

1. e4 e5 2. Nf3 Nc6 3. Bc4 Nf6 4. d3 Be7 5. Nc3 d6 6. h3 0-0 7. a3 Be6 8. Nd5 Bxd5 9. exd5 Nb8 10. 0-0 Nbd7 11. Ba2 Ne8 12. d4 e4 13. Nd2 f5 14. f3 exf3 15. Nxf3 g6 16. Bh6 Ng7 17. Qd2 Re8 18. Rae1 Nf8 19. Bb3 Qd7 20. Qa5 a6 21. c4 b6 22. Qb4 a5 23. Qa4 Bf6 24. Qxd7 Nxd7 25. Ba4 Rxe1 26. Rxe1 Nf8 27. g4 fxg4 28. hxg4 g5 29. Bxg5 Kf7 30. Rf1 Bxg5 31. Nxg5+ Kg8 32. Nf7 h5 33. g5 Ng6 34. Bc2 Nf8 35. Nh6+ Kh8 36. Rf7 Rc8 37. g6 1-0

[Event "Barcelona Sant Marti op-A 23rd"]
[Site "Barcelona"]
[Date "2023.07.21"]
[Round "9"]
[White "Shyam, Nikil P"]
[Black "Chirivi Castiblanco, Jenny Astrid"]
[Result "1-0"]
[WhiteElo "2473"]
[BlackElo "2166"]
[PlyCount "89"]
[EventDate "2023.07.13"]
[EventType "swiss"]
[EventRounds "9"]
[EventCountry "ESP"]
[SourceTitle "CBM 215 Extra"]
[Source "ChessBase"]
[SourceDate "2023.09.30"]
[SourceVersion "1"]
[SourceVersionDate "2023.09.30"]
[SourceQuality "1"]

1. Nf3 Nf6 2. g3 b5 3. Bg2 Bb7 4. 0-0 e6 5. d3 c5 6. e4 d6 7. Re1 Nbd7 8. Nbd2 Be7 9. h3 0-0 10. Nh2 Qc7 11. f4 Nb6 12. Ndf3 c4 13. g4 cxd3 14. cxd3 Rfc8 15. Re2 a5 16. g5 Nfd7 17. d4 b4 18. Ng4 Bf8 19. h4 a4 20. h5 Ba6 21. Rf2 Bc4 22. Be3 Qb7 23. Nh4 b3 24. a3 Rc7 25. f5 exf5 26. Nxf5 Be6 27. Bf4 Bxf5 28. exf5 Nd5 29. Qf3 N7b6 30. h6 Qc8 31. hxg7 Bxg7 32. f6 Bf8 33. Bh3 Qe8 34. Bf1 Nxf4 35. Qxf4 Qe6 36. Bd3 Rc2 37. Bxc2 bxc2 38. Rxc2 Ra5 39. Rg2 Rf5 40. Nh6+ Bxh6 41. gxh6+ Kf8 42. Qg3 Qxf6 43. Qg8+ Ke7 44. Re1+ Kd7 45. Qe8+ 1-0

[Event "Barcelona Sant Marti op-A 23rd"]
[Site "Barcelona"]
[Date "2023.07.14"]
[Round "2"]
[White "Berdayes Ason, Dylan Isidro"]
[Black "Chirivi Castiblanco, Jenny Astrid"]
[Result "1-0"]
[WhiteElo "2509"]
[BlackElo "2166"]
[PlyCount "63"]
[EventDate "2023.07.13"]
[EventType "swiss"]
[EventRounds "9"]
[EventCountry "ESP"]
[SourceTitle "CBM 215 Extra"]
[Source "ChessBase"]
[SourceDate "2023.09.30"]
[SourceVersion "1"]
[SourceVersionDate "2023.09.30"]
[SourceQuality "1"]

1. e4 e5 2. Nf3 Nc6 3. Bc4 Nf6 4. d3 Be7 5. 0-0 d6 6. a4 0-0 7. Nc3 h6 8. Bd2 a5 9. h3 Be6 10. Nd5 Qd7 11. Re1 Rfe8 12. c3 Bd8 13. Qb3 Qc8 14. d4 exd4 15. cxd4 Bxd5 16. exd5 Rxe1+ 17. Rxe1 Ne7 18. Nh4 b6 19. Qf3 Ng6 20. Nf5 Kh7 21. Bb5 Rb8 22. g4 Qb7 23. Bc6 Qa6 24. h4 Qc4 25. g5 Qc2 26. Bc1 Ng8 27. Bb5 Kh8 28. gxh6 gxh6 29. Bd3 Qxa4 30. h5 Nf8 31. Nxh6 Nxh6 32. Bxh6 1-0

[Event "Caribean-chT Blitz 24th"]
[Site "San Salvador"]
[Date "2023.07.06"]
[Round "12.2"]
[White "Granados Ortiz, Maria Jose"]
[Black "Chirivi Castiblanco, Jenny Astrid"]
[Result "1-0"]
[WhiteElo "1744"]
[BlackElo "2076"]
[PlyCount "95"]
[EventDate "2023.07.06"]
[EventType "tourn (blitz)"]
[EventRounds "15"]
[EventCountry "ESA"]
[SourceTitle "CBM 215 Extra"]
[Source "ChessBase"]
[SourceDate "2023.09.30"]
[SourceVersion "1"]
[SourceVersionDate "2023.09.30"]
[SourceQuality "1"]
[WhiteTeam "Nicaragua"]
[BlackTeam "Colombia"]
[WhiteTeamCountry "NCA"]
[BlackTeamCountry "COL"]

1. e4 c5 2. Nf3 e6 3. d4 cxd4 4. Nxd4 a6 5. Nc3 Qc7 6. Be3 Nf6 7. Be2 b5 8. Bf3 e5 9. Nde2 Bb7 10. a3 h6 11. 0-0 d6 12. Qd2 Be7 13. Rad1 Nbd7 14. Ng3 g6 15. Bxh6 Nb6 16. b3 0-0-0 17. Be3 Kb8 18. h3 Nfd7 19. Na2 Nc5 20. Nb4 Bh4 21. Nd5 Nxd5 22. exd5 Bxg3 23. fxg3 f5 24. Bg5 Rde8 25. Be2 Ne4 26. Qe3 Nc3 27. Rc1 Bxd5 28. Bf6 Rhf8 29. Bg5 Bb7 30. Qf2 d5 31. g4 d4 32. Rfe1 e4 33. Bf4 Re5 34. Qg3 Rfe8 35. gxf5 gxf5 36. Bh5 R8e7 37. Bxe5 Rxe5 38. Qg8+ Ka7 39. Qf7 d3 40. Qxc7 d2 41. Qxe5 dxc1Q 42. Rxc1 Nd5 43. Qd4+ Kb8 44. Qe5+ Ka7 45. Qxf5 e3 46. Re1 a5 47. Bf3 Ne7 48. Qf7 1-0

[Event "Caribean-chT Blitz 24th"]
[Site "San Salvador"]
[Date "2023.07.06"]
[Round "10.2"]
[White "Jean Francois, Valencia"]
[Black "Chirivi Castiblanco, Jenny Astrid"]
[Result "0-1"]
[WhiteElo "1324"]
[BlackElo "2076"]
[PlyCount "55"]
[EventDate "2023.07.06"]
[EventType "tourn (blitz)"]
[EventRounds "15"]
[EventCountry "ESA"]
[SourceTitle "CBM 215 Extra"]
[Source "ChessBase"]
[SourceDate "2023.09.30"]
[SourceVersion "1"]
[SourceVersionDate "2023.09.30"]
[SourceQuality "1"]
[WhiteTeam "Haiti"]
[BlackTeam "Colombia"]
[WhiteTeamCountry "HAI"]
[BlackTeamCountry "COL"]

1. e4 c5 2. d3 Nc6 3. Nc3 g6 4. Nge2 Bg7 5. g3 e6 6. Bg2 Nge7 7. 0-0 0-0 8. Be3 Nd4 9. Bxd4 cxd4 10. Nb1 Qb6 11. b3 d6 12. c3 dxc3 13. Nbxc3 Bd7 14. Rb1 Rac8 15. Na4 Qa6 16. a3 Rc7 17. Re1 b5 18. Nb2 Qxa3 19. Qd2 Rfc8 20. Nd1 Rc2 21. Qe3 Qb4 22. Kf1 a5 23. Rc1 Rxc1 24. Nxc1 Bd4 25. Qh6 Rc2 26. Ne2 Bg7 27. Qe3 Qc5 28. Qf3 0-1

[Event "American Continental 17th"]
[Site "Juan Dolio"]
[Date "2023.05.18"]
[Round "5"]
[White "Leiva Rodriguez, Jeammarco Giuseppe"]
[Black "Chirivi Castiblanco, Jenny Astrid"]
[Result "1-0"]
[WhiteElo "2392"]
[BlackElo "2159"]
[PlyCount "53"]
[EventDate "2023.05.15"]
[EventType "swiss"]
[EventRounds "11"]
[EventCountry "DOM"]
[SourceTitle "CBM 214 Extra"]
[Source "ChessBase"]
[SourceDate "2023.07.31"]
[SourceVersion "1"]
[SourceVersionDate "2023.07.31"]
[SourceQuality "1"]

1. e4 c5 2. Nf3 e6 3. g3 Nc6 4. Bg2 Nf6 5. Qe2 d5 6. exd5 Nxd5 7. 0-0 Be7 8. Rd1 0-0 9. d4 cxd4 10. Nxd4 Nxd4 11. Rxd4 Bf6 12. Rd1 Qb6 13. Nd2 g6 14. c4 Nb4 15. Ne4 Be7 16. a3 Nc6 17. b4 Nd4 18. Rxd4 Qxd4 19. Bb2 Qb6 20. c5 Qc7 21. Nf6+ Bxf6 22. Bxf6 h6 23. Rc1 Bd7 24. Rc4 Kh7 25. Rh4 Rh8 26. Qe3 h5 27. Rxh5+ 1-0

[Event "Titled Tuesday intern op 09th May Late"]
[Site "Chess.com INT"]
[Date "2023.05.09"]
[Round "9"]
[White "Chirivi Castiblanco, Jenny Astrid"]
[Black "Bambino Filho, Antonio Carlos"]
[Result "1-0"]
[WhiteElo "2159"]
[BlackElo "2144"]
[PlyCount "137"]
[EventDate "2023.05.09"]
[EventType "swiss (blitz)"]
[EventRounds "11"]
[EventCountry "USA"]
[SourceTitle "CBM 214 Extra"]
[Source "ChessBase"]
[SourceDate "2023.07.31"]
[SourceVersion "1"]
[SourceVersionDate "2023.07.31"]
[SourceQuality "1"]

1. d4 Nf6 2. c4 c5 3. d5 e6 4. Nc3 exd5 5. cxd5 d6 6. e4 g6 7. Bd3 Bg7 8. Nge2 0-0 9. 0-0 a6 10. a4 Qc7 11. Ng3 Nbd7 12. f4 Rb8 13. h3 c4 14. Bc2 b5 15. axb5 axb5 16. e5 dxe5 17. f5 Nc5 18. Bg5 b4 19. d6 Qc6 20. fxg6 fxg6 21. Bxf6 bxc3 22. Bxg7 Kxg7 23. bxc3 Rxf1+ 24. Qxf1 Be6 25. Ra7+ Rb7 26. Rxb7+ Qxb7 27. Qe2 Qd5 28. Ne4 Nxe4 29. Bxe4 Qxd6 30. Qe3 Bf7 31. Bf3 Qf6 32. Qe4 Qf4 33. Qe1 Be6 34. Be4 Bf5 35. Bd5 e4 36. Bxc4 e3 37. Be2 Be4 38. c4 Qg5 39. g3 Qf5 40. Bg4 Qc5 41. Qc3+ Kh6 42. Be2 Qf5 43. Qxe3+ Kg7 44. Qd4+ Kh6 45. c5 Bc6 46. Qf4+ Qxf4 47. gxf4 Kg7 48. Kf2 Kf6 49. Ke3 Ke6 50. Bc4+ Kf5 51. Be2 h5 52. Bf1 g5 53. fxg5 Kxg5 54. Kd4 Kh4 55. Ke5 Kg3 56. Kd6 Be4 57. Be2 h4 58. Bg4 Kf4 59. Be6 Bb7 60. c6 Ba6 61. c7 Kg3 62. Ke7 Bb7 63. c8Q Bxc8 64. Bxc8 Kf4 65. Kf6 Ke4 66. Be6 Kf4 67. Bf5 Kf3 68. Kg5 Kg3 69. Bg4 1-0